| 000 | 01507nam a2200409 c 4500 | ||
|---|---|---|---|
| 001 | 18531 | ||
| 003 | ES-MaCES | ||
| 005 | 20150929135458.0 | ||
| 008 | 060227s2005 sp d t 000 | spa d | ||
| 017 |
_aM 32230-2005 _bDL |
||
| 020 | _a8493398756 | ||
| 035 | _aCES20060001652m | ||
| 040 |
_aES-MaCES _bspa _cES-MaCES |
||
| 100 | 1 |
_aGarcía de la Rasilla y Pineda, Álvaro _912845 |
|
| 245 | 1 | 3 |
_aLa reforma de la bolsa y el desarrollo de los mercados _cÁlvaro García de la Rasilla y Pineda ; prólogo de Alfonso Martínez-Echevarría |
| 260 |
_aMadrid _aBarcelona _bMarcial Pons _aMadrid _bFundación de Estudios Financieros _c2005 |
||
| 300 |
_a398 p. _bgráf. _c24 cm |
||
| 490 | 1 | _aBiblioteca de la Fundación de Estudios Financieros | |
| 504 | _aBibliografía: p. 367-392 | ||
| 541 | _cGratuito | ||
| 650 | 4 |
_amercado financiero _928150 |
|
| 650 | 4 |
_aglobalización económica _930653 |
|
| 650 | 4 |
_areforma legislativa _929892 |
|
| 650 | 4 |
_aEspaña _926964 |
|
| 650 | 4 |
_aderecho financiero _930891 |
|
| 650 | 4 |
_aderecho mercantil _927157 |
|
| 650 | 4 |
_aderecho internacional _926684 |
|
| 653 | 1 | 0 | _aFinanciación |
| 650 | 4 |
_930761 _asector financiero |
|
| 650 | 4 |
_926752 _aUE |
|
| 700 | 1 |
_aMartínez-Echevarría, Alfonso _ecol. _917808 |
|
| 710 | 2 |
_aFundación de Estudios Financieros (Madrid) _eed. _93793 |
|
| 830 | 0 |
_aBiblioteca de la Fundación de Estudios Financieros _934180 |
|
| 902 | _aLIB Libro | ||
| 942 |
_2CES _cBK _h0.0. |
||
| 999 |
_c18531 _d18531 |
||